000 00406nab a2200145Ia 4500
003 ES-SlBCS
005 20210601124259.0
008 140529s1956 xxu||||| |||| 00| 0 eng d
041 _aeng
100 1 _aHoinacki, Ceslaus
_9139019
245 0 2 _aA Poema, a Prayer
_c Ceslaus Hoinacki
650 0 4 _aPoema-Oración
_9139020
773 0 _tDominicana
_gvol. 41, nº. 1, 1956, págs. 20-27
_wRev1398
942 _cAR
999 _c512232
_d512232